[Event "ch-POL w sf"]
[Site "Lubniewice POL"]
[Date "2002.12.06"]
[Round "7"]
[White "Chlost,M"]
[Black "Kupczyk,E"]
[Result "0-1"]
[WhiteElo "2062"]
[BlackElo "2047"]

1.e4 c5 2.Nf3 Nc6 3.Nc3 d6 4.Bb5 Bd7 5.O-O Nf6 6.Re1 e6 7.d4 cxd4 8.Nxd4 Be7
9.Bxc6 bxc6 10.e5 dxe5 11.Rxe5 c5 12.Nb3 Qc7 13.Re1 O-O 14.Bg5 Bc6 15.Bh4 a5
16.Rb1 a4 17.Nd2 Rfd8 18.Qe2 Qf4 19.Bxf6 Rxd2 20.Bxe7 Rxe2 21.Nxe2 Qe4 22.f3 Qxc2
23.Kf2 Qc4 24.Rbc1 Qxa2 25.Rxc5 Bd5 26.Rec1 h6 27.R5c2 Qb3 28.Ba3 Qb6+ 29.Bc5 Qb8
30.Kg1 Qe5 31.Nd4 Qg5 32.Kh1 e5 33.Ne2 Bb3 34.Rc3 Qd2 35.Ng3 Qxb2 36.Bd6 Ra5
37.Nf5 a3 38.Bf8 a2 39.Rc8 Qxc1+  0-1

[Event "ch-POL sf"]
[Site "Lubniewice POL"]
[Date "2002.12.06"]
[Round "7"]
[White "Swicarz,M"]
[Black "Szromba,K"]
[Result "1-0"]
[WhiteElo "2309"]
[BlackElo "2152"]

1.e4 c5 2.Nf3 Nc6 3.Nc3 Nf6 4.g3 e5 5.Bg2 Be7 6.O-O O-O 7.d3 d5 8.exd5 Nxd5
9.Nxe5 Nxc3 10.Nxc6 Nxd1 11.Nxd8 Rxd8 12.Rxd1 Bf6 13.Bf4 Bxb2 14.Rab1 Bd4
15.Bxb7 Bxb7 16.Rxb7 Re8 17.Kf1 Re6 18.Rdb1 h6 19.R1b3 Rae8 20.c3 c4 21.dxc4 Bb6
22.Rb5 Rc6 23.c5 Bxc5 24.Rc7 Rc8 25.Rxc8+ Rxc8 26.Rb8 Rxb8 27.Bxb8 Kf8 28.Be5 a6
29.Ke2 g6 30.Bd4 Bd6 31.Kd3 Ke7 32.Kc4 Ke6 33.Bc5 Be5 34.Bb4 Bc7 35.Kc5 a5
36.Kc6 axb4 37.cxb4 Be5 38.a4 Bc3 39.a5 Ke7 40.a6 Bd4 41.b5 Kd8 42.b6  1-0

[Event "ch-POL sf"]
[Site "Lubniewice POL"]
[Date "2002.12.06"]
[Round "7"]
[White "Heberla,B"]
[Black "Dziuba,M"]
[Result "1/2-1/2"]
[WhiteElo "2389"]
[BlackElo "2448"]

1.e4 c5 2.Nc3 Nc6 3.Bb5 Nd4 4.Bc4 e6 5.Nf3 Nf6 6.O-O a6 7.Re1 b5 8.Bf1 Bb7
9.d3 Nxf3+ 10.Qxf3 d6 11.Qg3 g6 12.Qh4 Nd7 13.Bg5 Be7 14.Bxe7 Qxe7 15.Qh6 Qf8
16.Qf4 Qe7 17.Qh6 Qf8 18.Qf4 e5 19.Qh4 h5 20.f4 Qe7 21.Qf2 b4 22.Nd1 exf4  1/2-1/2

[Event "TCh-BEL 2002-3"]
[Site "Belgium BEL"]
[Date "2002.12.08"]
[Round "4"]
[White "Van Mil,J"]
[Black "Goormachtigh,J"]
[Result "1-0"]
[WhiteElo "2406"]
[BlackElo "2303"]

1.e4 c5 2.Nc3 Nc6 3.Bb5 Nd4 4.Bc4 g6 5.Nf3 Bg7 6.Nxd4 cxd4 7.Qf3 e6 8.Nb5 d6
9.Qa3 Ke7 10.c3 dxc3 11.Nxc3 Qc7 12.d3 Qc5 13.b4 Bxc3+ 14.Qxc3 Qe5 15.Qb2 Nf6
16.f4 Qxb2 17.Bxb2 Rd8 18.Bb3 Bd7 19.a4 a6 20.Bd4 Bc6 21.Bf2 Nd7 22.g4 f6
23.Kd2 Rf8 24.Rhe1 b5 25.axb5 Bxb5 26.Rec1 Rfc8 27.Rxc8 Rxc8 28.h4 Rh8 29.Rg1 h6
30.Be3 e5 31.f5 g5 32.Rh1 Kf8 33.hxg5 fxg5 34.Bxg5 Kg7 35.Be3 Nf6 36.Rg1 d5
37.g5 hxg5 38.Rxg5+ Kf8 39.exd5 Rh2+ 40.Kc3 Rh3 41.Kd2 Rh2+ 42.Kc1 Rh1+ 43.Bg1 Bxd3
44.Rg6 Ne8 45.Kd2 Bxf5 46.Bc5+ Kf7 47.Rxa6 Rh2+ 48.Kc3 Rh3+ 49.Kb2 Nf6 50.Ra7+ Kg6
51.Re7 Nd7 52.d6 Rh2+ 53.Ka3 Rh3 54.Ka4 Rc3 55.Bf7+ Kf6 56.Kb5 Bd3+ 57.Kc6 Nb8+
58.Kb6 Bf5 59.Be8 Rd3 60.Kb7  1-0

[Event "ch-POL w sf"]
[Site "Lubniewice POL"]
[Date "2002.12.08"]
[Round "9"]
[White "Andrzejewska,E"]
[Black "Toma,K"]
[Result "1-0"]
[WhiteElo "2250"]
[BlackElo "2222"]

1.e4 c5 2.Nc3 Nc6 3.Bb5 Nd4 4.Bc4 g6 5.Nf3 Bg7 6.Nxd4 cxd4 7.Qf3 Nh6 8.Ne2 O-O
9.d3 Ng4 10.Bb3 d6 11.O-O a5 12.a4 Ne5 13.Qg3 Nd7 14.Qh4 e6 15.Bg5 Qb6 16.Bc4 Ne5
17.Bb3 Nxd3 18.cxd3 Qxb3 19.Bf6 e5 20.Bxg7 Kxg7 21.f4 Qxd3 22.Ng3 Qe3+ 23.Kh1 h6
24.Rae1 Qd2 25.Rd1 Qb4 26.fxe5 dxe5 27.Qf6+ Kh7 28.Qxe5 Be6 29.h4 Rfe8 30.h5 Bb3
31.Qf4 Re7 32.Rd2 Rd8 33.e5 Qc5 34.Re1 d3 35.Ne4 Qc6 36.Nf6+ Kg7 37.Kh2 Qe6
38.Ng4 g5 39.Qf6+ Kh7 40.Qf3 Kg7 41.Qf6+ Kh7 42.Qf3 Bc4 43.Nf6+ Kg7 44.Qe4 Rh8
45.Rf2 Qc6 46.Qf5 Qe6 47.Qe4 Rc7 48.b3 Bxb3 49.Qxd3 Qc4 50.Qd6 Rc6 51.Qe7 Qh4+
52.Kg1 Qb4 53.Qxb4 axb4 54.Rb1 Bxa4 55.Rxb4 b5 56.Rd4 Bb3 57.Rd7 Be6 58.Rb7 Rc5
59.Ne4 Rc1+ 60.Kh2 Re8  1-0

[Event "Friendship A"]
[Site "Roznov CZE"]
[Date "2002.12.08"]
[Round "4"]
[White "Kovalev,A"]
[Black "Guidarelli,L"]
[Result "1-0"]
[WhiteElo "2555"]
[BlackElo "2406"]

1.e4 c5 2.Nf3 Nc6 3.Nc3 e5 4.Bc4 d6 5.d3 Be7 6.O-O h6 7.Ne1 Bg5 8.f4 exf4
9.g3 Be7 10.Bxf4 Nf6 11.Nd5 O-O 12.Ng2 Na5 13.Nxf6+ Bxf6 14.Bd5 Bxb2 15.Rb1 Bd4+
16.Kh1 Qe7 17.Nh4 Kh7 18.Qh5 Nc6 19.Bd2 Bf6 20.Nf5 Bxf5 21.Rxf5 Nd4 22.Rxb7 Nxf5
23.Qxf5+ g6 24.Qh3  1-0

[Event "10th Amitie"]
[Site "Bagneux FRA"]
[Date "2002.12.10"]
[Round "2"]
[White "De Sousa,Jos"]
[Black "Philippe,C"]
[Result "1-0"]
[WhiteElo "2304"]
[BlackElo "2313"]

1.e4 c5 2.Nf3 Nc6 3.Nc3 g6 4.d4 cxd4 5.Nxd4 Bg7 6.Be3 Nf6 7.Bc4 O-O 8.Bb3 d6
9.f3 Bd7 10.Qd2 Nxd4 11.Bxd4 b5 12.h4 h5 13.Nd5 Nxd5 14.exd5 Bxd4 15.Qxd4 a5
16.a3 Qc7 17.O-O-O a4 18.Ba2 Rfc8 19.Rd2 Rab8 20.g4 hxg4 21.h5 g5 22.Qe4 Be8
23.c3 Qd7 24.fxg4 b4 25.axb4 a3 26.Bb1 f5 27.Qxf5 Qxf5 28.Bxf5 a2 29.Kc2 Rc7
30.Ra1 Rxb4 31.Rxa2 Ba4+ 32.Kd3 Rf4 33.Ke3 Kg7 34.Rd4 Rxd4 35.Kxd4 Bb3 36.Ra3 Bd1
37.c4 Rb7 38.Kc3 Kf6 39.h6 Bxg4 40.h7 Rb8 41.Bxg4 Rh8 42.Kd4 Rxh7 43.Rh3  1-0

[Event "19th WJun Girls"]
[Site "Goa IND"]
[Date "2002.12.10"]
[Round "2"]
[White "Wang Yu"]
[Black "Kasturi,M"]
[Result "1-0"]
[WhiteElo "2368"]
[BlackElo "2158"]

1.e4 c5 2.Nf3 Nc6 3.Nc3 d6 4.d4 cxd4 5.Nxd4 Nf6 6.Bg5 e5 7.Nb3 Be7 8.Qd2 a6
9.O-O-O Be6 10.Bxf6 gxf6 11.Nd5 Rc8 12.Kb1 b5 13.Bd3 Rg8 14.g3 Bg4 15.Be2 Be6
16.f4 f5 17.exf5 Bxf5 18.Bd3 e4 19.Be2 Be6 20.Rhe1 f5 21.Bh5+ Kf8 22.g4 a5
23.gxf5 Bxf5 24.Rg1 Bf6 25.Ne3 Rxg1 26.Rxg1 Be6 27.f5 Bxb3 28.axb3 Bd4 29.Qg2 Ke7
30.Qxe4+ Kd7 31.Nd5  1-0

[Event "ch-Balkan"]
[Site "Istanbul TUR"]
[Date "2002.12.10"]
[Round "1"]
[White "Karadeniz,E"]
[Black "Parligras,M"]
[Result "0-1"]
[WhiteElo "2300"]
[BlackElo "2490"]

1.e4 c5 2.Nf3 Nc6 3.Nc3 Nf6 4.Bb5 Qc7 5.Bxc6 Qxc6 6.O-O Nxe4 7.Nxe4 Qxe4
8.Re1 Qd5 9.c4 Qxc4 10.d4 e6 11.b3 Qd5 12.Re5 Qc6 13.d5 Qc7 14.Bb2 f6 15.Rh5 d6
16.Qd3 e5 17.Rxh7 Rxh7 18.Qxh7 Qf7 19.Qd3 Bd7 20.b4 cxb4 21.Rc1 Rc8 22.Rxc8+ Bxc8
23.Qb5+ Kd8 24.Nd2 b6 25.Ne4 Bb7  0-1

[Event "FSGM Dec"]
[Site "Budapest HUN"]
[Date "2002.12.12"]
[Round "6"]
[White "Radziewicz,I"]
[Black "Horvath,P1"]
[Result "0-1"]
[WhiteElo "2421"]
[BlackElo "2482"]

1.e4 c5 2.Nc3 Nc6 3.Bb5 g6 4.Bxc6 bxc6 5.d3 Bg7 6.f4 d6 7.Nf3 e6 8.O-O Ne7
9.Qe1 O-O 10.Be3 Rb8 11.b3 Re8 12.Rd1 Qa5 13.Bd2 Qc7 14.Na4 Ba6 15.Ba5 Qd7
16.Bc3 f6 17.e5 Nd5 18.Ba1 Rf8 19.exd6 Qxd6 20.g3 Rbe8 21.Nd2 Bc8 22.Ne4 Qe7
23.Nexc5 e5 24.c4 Nb6 25.Qe2 Bh3 26.Rf2 Nxa4 27.Nxa4 exf4 28.Qxe7 Rxe7 29.gxf4 Rfe8
30.Bc3 f5 31.Rb2 Bh6 32.Be5 Rxe5 33.fxe5 Be3+ 34.Kh1 Rxe5 35.Re1 f4 36.Nc3 f3
37.Nd1 Bf2 38.Rg1 Bg2+  0-1

[Event "19th WJun Girls"]
[Site "Goa IND"]
[Date "2002.12.12"]
[Round "5"]
[White "Kasturi,M"]
[Black "Vinuthna,N"]
[Result "1/2-1/2"]
[WhiteElo "2158"]
[BlackElo "2089"]

1.e4 c5 2.Nf3 Nc6 3.Nc3 e5 4.Bc4 Be7 5.O-O Nf6 6.d3 O-O 7.h3 d6 8.Be3 Nd4
9.a4 h6 10.Nd5 Nxd5 11.Bxd5 Rb8 12.c3 Nxf3+ 13.Qxf3 Bg5 14.Qh5 Bxe3 15.fxe3 Be6
16.Rf3 Bxd5 17.exd5 Qg5 18.Qxg5 hxg5 19.e4 f6 20.c4 b6 21.Kf2 a6 22.b3 Kf7
23.Ke2 Kg6 24.g4  1/2-1/2

[Event "Friendship B"]
[Site "Roznov CZE"]
[Date "2002.12.12"]
[Round "7"]
[White "Kanovsky,D"]
[Black "Volodin,V"]
[Result "1-0"]
[WhiteElo "2271"]
[BlackElo "2281"]

1.e4 c5 2.Nf3 Nc6 3.Nc3 e5 4.Bc4 Be7 5.d3 Nf6 6.Nd2 d6 7.Nf1 Bg4 8.f3 Be6
9.Ne3 O-O 10.O-O Nb4 11.Qe2 Nd7 12.f4 exf4 13.Rxf4 Bg5 14.Rf1 Ne5 15.Nf5 Bxc1
16.Raxc1 g6 17.Ne3 Qg5 18.Rcd1 Ng4 19.Nxg4 Bxg4 20.Qd2 Qe5 21.Rde1 Be6 22.Kh1 Kg7
23.a3 Nc6 24.Nd5 Qxb2 25.Rb1 Qe5 26.Rxb7 Rab8 27.Rc7 Rbc8 28.Rxc8 Rxc8 29.Ne3 Rb8
30.g3 Bxc4 31.Nxc4 Qe7 32.Qf4 Ne5 33.Ne3 h6 34.g4 Qh4 35.Nc4 Qxg4 36.Qf6+ Kg8
37.Nxe5 dxe5 38.Qxf7+ Kh8 39.Qf6+ Kh7 40.Qxe5 Rb7 41.Qxc5 h5 42.Qf8 Rg7 43.Qf4 Qe2
44.Qf2 Qg4 45.Qf3 Qd7 46.e5 Qe7 47.Qe4 Qxa3 48.d4 Qb4 49.e6 a5 50.Re1 Qe7
51.d5 Rg8 52.Qe5 a4 53.d6 Qb7+ 54.Qe4 Qb5 55.d7 a3 56.e7 Qxd7 57.e8=Q Rxe8
58.Qxe8 Qb7+ 59.Qe4 Qb2 60.Qe7+  1-0

[Event "19th WJun Girls"]
[Site "Goa IND"]
[Date "2002.12.15"]
[Round "8"]
[White "Wang Yu"]
[Black "Milliet,S"]
[Result "1-0"]
[WhiteElo "2368"]
[BlackElo "2164"]

1.e4 c5 2.Nf3 Nc6 3.Nc3 Nf6 4.Bb5 Nd4 5.e5 Nxb5 6.Nxb5 Nd5 7.Ng5 e6 8.Ne4 a6
9.Nbd6+ Bxd6 10.Nxd6+ Kf8 11.Qf3 Qe7 12.d3 h6 13.O-O Rb8 14.a3 g6 15.c4 Nc7
16.Be3 b6 17.Nxc8 Rxc8 18.Qb7 Kg7 19.Qxb6 Na8 20.Qxa6 Rb8 21.Qa5 Rhc8 22.Qd2 Rh8
23.Qc2 Rb7 24.Bd2 Rhb8 25.b4  1-0

[Event "19th WJun Girls"]
[Site "Goa IND"]
[Date "2002.12.16"]
[Round "9"]
[White "Zigangirova,S"]
[Black "Churun,P"]
[Result "1/2-1/2"]
[WhiteElo "2241"]
[BlackElo "2162"]

1.e4 c5 2.Nf3 Nc6 3.Nc3 d6 4.d4 cxd4 5.Nxd4 Nf6 6.Be2 e5 7.Nf3 h6 8.O-O Be7
9.Re1 O-O 10.h3 Be6 11.Bf1 Rc8 12.Nd5 Na5 13.Nxe7+ Qxe7 14.b3 Rfd8 15.Ba3 Qc7
16.c4 a6 17.Rc1 Nc6 18.Qd2 Qb8 19.Rcd1 Ne8 20.Qd3 Na7 21.Bb2  1/2-1/2

[Event "19th WJun Girls"]
[Site "Goa IND"]
[Date "2002.12.19"]
[Round "12"]
[White "Wang Yu"]
[Black "Zigangirova,S"]
[Result "1-0"]
[WhiteElo "2368"]
[BlackElo "2241"]

1.e4 c5 2.Nf3 Nc6 3.Nc3 g6 4.d4 cxd4 5.Nxd4 Bg7 6.Nb3 Nf6 7.Be2 O-O 8.O-O d6
9.Bg5 a6 10.f4 b5 11.Bf3 Bb7 12.Kh1 Nd7 13.Rb1 Rc8 14.Rf2 b4 15.Nd5 f6 16.Bh4 e6
17.Ne3 g5 18.Bg3 gxf4 19.Bxf4 Nde5 20.Rd2 Qb6 21.Bg4 Rfe8 22.Rxd6 Ng6 23.Qf1 Qc7
24.Bg3 Qf7 25.Nc5 Nd8 26.Nxb7 Nxb7 27.Rdd1 Nc5 28.Bf3 a5 29.Nc4 Nb7 30.b3 Bf8
31.Rd2 Bh6 32.Rd3 Rcd8 33.Rbd1 Rxd3 34.Rxd3 Bf8 35.Qd1 Bc5 36.e5 f5 37.Bc6 Re7
38.Nd6 Nxd6 39.exd6 Rd7 40.Bxd7 Qxd7 41.Qf3 Kg7 42.Rd1 Kf7 43.Qd3 h5 44.Qf3 h4
45.Bxh4 Bxd6 46.Bg3 e5 47.Bf2 e4 48.Qe2 Qc6 49.Qh5 Qb5 50.Qh7+  1-0

[Event "Christmas Open"]
[Site "Zadar CRO"]
[Date "2002.12.19"]
[Round "6"]
[White "Kristovic,M"]
[Black "Barbaric,V"]
[Result "1-0"]
[WhiteElo "2337"]
[BlackElo "2136"]

1.e4 c5 2.Nf3 Nc6 3.Nc3 g6 4.d4 cxd4 5.Nxd4 Bg7 6.Be3 Nf6 7.Be2 O-O 8.O-O d5
9.exd5 Nxd5 10.Nxd5 Nxd4 11.Bxd4 Qxd5 12.Bxg7 Qxd1 13.Rfxd1 Kxg7 14.Bf3 Be6
15.b3 Rac8 16.c4 b6 17.Rd2 Rfd8 18.Rad1 Rxd2 19.Rxd2 Kf6 20.Kf1 Rc5 21.Ke2 b5
22.cxb5 Rxb5 23.Kd3 Ke5 24.Kc3 a5 25.Be2 Rc5+ 26.Bc4 Rc7 27.a4 Rc8 28.h4 h6
29.Re2+ Kf5 30.Kd4 Bxc4 31.bxc4 Kf6 32.g4 Rd8+ 33.Kc5 Rb8 34.g5+ hxg5 35.hxg5+ Kxg5
36.Rxe7 Rb4 37.Rxf7 Rxa4 38.Rf3 Rb4 39.Rf8 Rb2 40.f4+ Kg4 41.Rf6 Kh5 42.Ra6 Rf2
43.Rf6 Rb2 44.Kd4 a4 45.Ra6 Rf2 46.Ra5+ Kh6 47.Ke3 Ra2 48.c5 Rc2 49.Kd4 Rf2
50.Ke5 Rc2 51.Kd5 Rd2+ 52.Ke6 Rc2 53.Kd6 Rd2+ 54.Kc7 Rd4 55.c6 Rxf4 56.Kb7 g5
57.c7 Rf7 58.Kc6 Rf8 59.Rd5 g4 60.Rd8 Rf1 61.c8=Q Rc1+ 62.Kd5 Rxc8 63.Rxc8 Kg5
64.Ke4 g3 65.Rg8+ Kh5 66.Kf5  1-0

[Event "XV Carlos Torre"]
[Site "Merida MEX"]
[Date "2002.12.20"]
[Round "8"]
[White "Lobron,E"]
[Black "Martin del Campo,R"]
[Result "1/2-1/2"]
[WhiteElo "2500"]
[BlackElo "2421"]

1.e4 c5 2.Nc3 Nc6 3.Bb5 Nd4 4.Ba4 a6 5.Bb3 d6 6.Nge2 Nxb3 7.axb3 Nf6 8.d4 cxd4
9.Qxd4 e5 10.Qd3 h6 11.O-O Be7 12.Rd1 O-O 13.Ng3 Be6 14.Nf1 Qc7 15.Ne3 Rac8
16.Bd2 Qc6 17.Be1 Rfe8 18.Rac1 Qc5 19.Qe2 Bd8 20.Rd3 b5 21.Ned5 Nxd5 22.Nxd5 Qa7
23.Bd2 f5 24.Be3 Qf7 25.f3 Qg6 26.Bf2 fxe4 27.fxe4 Bg4 28.Rg3 Bxe2 29.Rxg6 Bd3
30.Nc3 Kh7 31.Rg3 Bxc2 32.Rxc2 b4 33.Rd3 Rc6 34.Rcd2 bxc3 35.Rxc3 Rxc3 36.bxc3 Bc7
37.Ra2 Rb8 38.b4 a5 39.Be1 axb4 40.cxb4 Kg6 41.Kf1 Bb6 42.Ke2 Kf6 43.Kd3 Ke6
44.Ra6 Bg1 45.h3 Rf8 46.b5 Bc5 47.b6 Rb8 48.Ra7  1/2-1/2

[Event "AIG Life rapid"]
[Site "Warsaw POL"]
[Date "2002.12.21"]
[Round "3"]
[White "Tiviakov,S"]
[Black "Mista,A"]
[Result "1-0"]
[WhiteElo "2631"]
[BlackElo "2422"]

1.e4 c5 2.Nc3 Nc6 3.Bb5 Nd4 4.Bc4 g6 5.Nf3 Bg7 6.Nxd4 cxd4 7.Qf3 Nh6 8.Ne2 O-O
9.c3 e5 10.d3 d6 11.cxd4 exd4 12.h3 Be6 13.O-O Rc8 14.b3 Bxc4 15.bxc4 Qb6
16.Nf4 f5 17.Nd5 Qd8 18.Bxh6 Bxh6 19.Rab1 b6 20.exf5 gxf5 21.Rfe1 Bg5 22.Re6 Rc5
23.Rbe1 b5 24.Qh5 bxc4 25.Ne7+ Kh8 26.Ng6+  1-0

[Event "TCh-BEL 2002-3"]
[Site "Belgium BEL"]
[Date "2002.12.23"]
[Round "5"]
[White "Aubel,J"]
[Black "Ikonnikov,V"]
[Result "0-1"]
[WhiteElo "2258"]
[BlackElo "2549"]

1.e4 c5 2.Nc3 Nc6 3.Bb5 Nd4 4.Bc4 e6 5.Nf3 a6 6.d3 b5 7.Bb3 Nxb3 8.axb3 Bb7
9.O-O Ne7 10.Ng5 h6 11.Nh3 d5 12.Qg4 d4 13.Ne2 g6 14.Ng3 Bg7 15.f4 f5 16.exf5 exf5
17.Qe2 O-O 18.Bd2 Nd5 19.Rfe1 Ne3 20.Bxe3 dxe3 21.c3 Re8 22.Nf1 b4 23.Qc2 bxc3
24.bxc3 e2 25.Rxe2 Rxe2 26.Qxe2 Bxc3 27.Qe6+ Kg7 28.Rc1 Bd4+ 29.Kh1 Bd5 30.Qe2 Qe8
31.Ng1 Bxb3 32.Nd2 Bd5 33.Qxe8 Rxe8 34.Ndf3 Be3 35.Ra1 Re6 36.Ra5 Rb6  0-1

[Event "11th Donau Open"]
[Site "Aschach AUT"]
[Date "2002.12.26"]
[Round "1"]
[White "Baumgartner,M"]
[Black "Wegener,D"]
[Result "1/2-1/2"]
[WhiteElo "2109"]
[BlackElo "2324"]

1.e4 c5 2.Nf3 Nc6 3.Nc3 g6 4.d4 cxd4 5.Nxd4 Bg7 6.Be3 Nf6 7.Bc4 Qa5 8.Nxc6 bxc6
9.O-O O-O 10.f3 Rd8 11.Qe1 Rb8 12.Bb3 Ba6 13.Rf2 d5 14.Bf4 Rb7 15.Na4 Qb5
16.Nc3 Qc5 17.Na4 Qb5 18.Nc3 Qa5 19.Na4  1/2-1/2

[Event "Open A"]
[Site "Bethune FRA"]
[Date "2002.12.26"]
[Round "1"]
[White "Golubev,M"]
[Black "Guilbert,J"]
[Result "1-0"]
[WhiteElo "2528"]
[BlackElo "2114"]

1.e4 c5 2.Nf3 Nc6 3.Nc3 Nf6 4.Bb5 a6 5.Bxc6 dxc6 6.d3 Bg4 7.h3 Bxf3 8.Qxf3 e6
9.Bf4 Be7 10.O-O-O Nd7 11.d4 cxd4 12.Rxd4 Qa5 13.Rhd1 Rd8 14.Qd3 Nc5 15.Rxd8+ Bxd8
16.Qd6 f6 17.Be3  1-0

[Event "XVIII Winter Open"]
[Site "Nice FRA"]
[Date "2002.12.26"]
[Round "1"]
[White "Milliet,S"]
[Black "Komljenovic,D"]
[Result "0-1"]
[WhiteElo "2164"]
[BlackElo "2450"]

1.e4 c5 2.Nc3 Nc6 3.Bb5 Nd4 4.Bc4 e6 5.Nf3 Nxf3+ 6.Qxf3 Ne7 7.d3 Nc6 8.Bf4 Nd4
9.Qd1 a6 10.a4 d6 11.O-O Be7 12.Be3 Bd7 13.Bxd4 cxd4 14.Ne2 Bf6 15.f4 Bc6
16.Bb3 O-O 17.Ng3 g6 18.Qg4 Kh8 19.f5 gxf5 20.exf5 e5 21.Qh5 Qe7 22.Qh6 Rg8
23.Ne4 Bxe4 24.dxe4 Rg4 25.Rae1 Rag8 26.Re2 Bg5 27.f6 Qd7 28.Qh5 Rg6 29.Rf5 b5
30.a5 Rh4 31.Qf3  0-1

[Event "XVIII Winter Open"]
[Site "Nice FRA"]
[Date "2002.12.27"]
[Round "3"]
[White "Hamdouchi,H"]
[Black "Sanchez,Joseph"]
[Result "1-0"]
[WhiteElo "2593"]
[BlackElo "2307"]

1.e4 c5 2.Nc3 Nc6 3.Bb5 e6 4.Bxc6 bxc6 5.d3 d6 6.f4 g6 7.Nf3 Bg7 8.e5 d5
9.O-O Nh6 10.b3 Nf5 11.Na4 Bf8 12.c4 Be7 13.Qe1 Rb8 14.Qf2 d4 15.g4 Ng7 16.Ba3 h5
17.h3 Qa5 18.Qe1 Rb4 19.Bxb4 cxb4 20.c5 hxg4 21.hxg4 Ba6 22.Qe4 Bb5 23.Rac1 Qa6
24.Rfd1 O-O 25.Rd2 Rd8 26.Ne1 Bh4 27.Rh2 Bxe1 28.Rxe1 Bxa4 29.Qh1 Nh5 30.gxh5 Qxd3
31.Rh3 Qd2 32.Rf1  1-0

[Event "Open A"]
[Site "Bethune FRA"]
[Date "2002.12.28"]
[Round "4"]
[White "Maitesian,S"]
[Black "Sprenger,J"]
[Result "0-1"]
[WhiteElo "2305"]
[BlackElo "2430"]

1.e4 c5 2.Nc3 Nc6 3.Bb5 Nd4 4.Ba4 g6 5.Nge2 Bg7 6.O-O Qa5 7.Nxd4 cxd4 8.b4 Qxb4
9.Nd5 Qxa4 10.Nc7+ Kd8 11.Nxa8 d3 12.c3 Qxd1 13.Rxd1 b6 14.a4 Bb7 15.a5 b5
16.Nb6 axb6 17.axb6 Nf6 18.f3 d5 19.Ra7 Kc8 20.Ba3 dxe4 21.Rb1 e3 22.dxe3 Nd5
23.Rd1 Nxb6 24.Rxd3 Kb8 25.Ra5 Nc4 26.Rxb5 Nxa3 27.Rb3 Nc4 28.Rd7 Nd6 29.Rxe7 Rd8
30.c4 Bf8 31.Rbxb7+ Nxb7 32.Rxf7 Bc5 33.Kf2 Rd2+ 34.Kg3 Nd6 35.Rxh7 Nf5+
36.Kh3 Nxe3 37.g3 Nf1 38.Kg4 Nxh2+ 39.Kg5 Nxf3+ 40.Kxg6 Rd4 41.Kf5 Rxc4 42.g4 Be3
43.Rg7 Bg5 44.Rf7 Rf4+  0-1

[Event "38th Junior"]
[Site "Hallsberg SWE"]
[Date "2002.12.28"]
[Round "1"]
[White "Gajewski,G"]
[Black "Tan,Kev"]
[Result "1-0"]
[WhiteElo "2436"]
[BlackElo "2222"]

1.e4 c5 2.Nc3 Nc6 3.Bb5 g6 4.Bxc6 bxc6 5.d3 Bg7 6.f4 Rb8 7.Nf3 Nh6 8.O-O O-O
9.f5 d5 10.Qe1 dxe4 11.dxe4 Rb4 12.a3 Rd4 13.Nxd4 cxd4 14.Ne2 gxf5 15.Qh4 e5
16.Bg5 Qd6 17.Be7 Qg6 18.Bxf8 Bxf8 19.Qd8 Be6 20.exf5 Nxf5 21.Rf2 Ne3 22.c3 d3
23.Ng3 Ng4 24.Rff1 e4 25.Qd4 f5 26.b4 Qh6 27.h3 Qe3+ 28.Qxe3 Nxe3 29.Rf2 Bh6
30.Nh5 Nc4 31.Nf4 Kf7 32.g3 e3 33.Nxd3 exf2+ 34.Kxf2 Bd5 35.Nf4 Bg7 36.Rd1 Bxc3
37.Nxd5 cxd5 38.Rxd5 Ke6 39.Rd8 Be5 40.a4 Nd6 41.Kf3 Kd5 42.Ra8 Bd4 43.Kf4 Be5+
44.Kf3 Bd4 45.Kf4 Be5+ 46.Kf3 Bd4 47.Rd8 Be5 48.Rd7 Kc4 49.Rxh7 Kxb4 50.Rxa7 Ne4
51.a5 Nc5 52.a6 Bd4 53.Ra8 Ka5 54.a7 Na4 55.h4 Ka6 56.h5 Nc3 57.h6 Ne4 58.h7 Ng5+
59.Kf4 Nxh7 60.Rh8 Bxa7 61.Rxh7 Bb8+ 62.Kf3 Kb6 63.Rf7 Kc6 64.Rxf5 Kd6 65.Rf8 Bc7
66.Re8  1-0

[Event "Open"]
[Site "Robecchetto ITA"]
[Date "2002.12.28"]
[Round "4"]
[White "Sala,G"]
[Black "Sgnaolin,D"]
[Result "0-1"]
[WhiteElo "2002"]
[BlackElo "2118"]

1.e4 c5 2.Nf3 Nc6 3.Nc3 g6 4.Bc4 Bg7 5.Ng5 Ne5 6.Qe2 h6 7.Nf3 Nxc4 8.Qxc4 d6
9.d4 Be6 10.d5 Bg4 11.Qd3 Bxf3 12.Qxf3 Nf6 13.a4 Qa5 14.O-O Qb4 15.a5 b5
16.Bd2 a6 17.Ra2 O-O 18.Re1 Qd4 19.Be3 Qe5 20.Bf4 Qh5 21.Qd3 Nd7 22.Re3 Ne5
23.Qf1 Qg4 24.Ne2 Nc4 25.Rg3 Qd7 26.b3 Ne5 27.Rh3 h5 28.Qc1 e6 29.Bh6 exd5
30.exd5 Rae8 31.Bxg7 Kxg7 32.Nf4 Qf5 33.Ra1 Re7 34.Qd2 Rfe8 35.Kf1 Ng4 36.Nd3 Re2
37.Qc3+ Kg8 38.f4 Ne3+ 39.Kxe2 Nxd5+ 40.Kd2 Nxc3 41.Kxc3  0-1

[Event "Open A"]
[Site "Bethune FRA"]
[Date "2002.12.29"]
[Round "6"]
[White "Maupin,JP"]
[Black "Wallart,A"]
[Result "0-1"]
[WhiteElo "2041"]
[BlackElo "2261"]

1.e4 c5 2.Nf3 Nc6 3.Nc3 d6 4.d4 cxd4 5.Nxd4 Nf6 6.f3 g6 7.Be3 Bg7 8.Qd2 O-O
9.Bc4 Bd7 10.O-O-O Rc8 11.Bb3 Ne5 12.h4 h5 13.Bg5 Rc5 14.g4 hxg4 15.f4 Nc4
16.Qe2 Qc8 17.Bxf6 Bxf6 18.f5 b5 19.Qxg4 a5 20.Qg3 a4 21.Bxc4 Rxc4 22.Nd5 Qc5
23.Nxf6+ exf6 24.Qd3 Rc8 25.Rh2 a3 26.fxg6 fxg6 27.e5 Be8 28.Rg2 Qxe5 29.Rxg6+ Bxg6
30.Qxg6+ Kf8 31.Qh6+ Ke8 32.Qh8+ Kd7 33.Qg7+ Kd8 34.Qf8+ Kc7 35.Nxb5+ Qxb5
36.Qxd6+ Kb7 37.Qxa3 Rxc2+ 38.Kb1 R8c3 39.Qe7+ Rc7 40.Qe4+ R2c6 41.a3 Qb3
42.Rc1 f5 43.Qg2 Qd3+  0-1

[Event "North American Open"]
[Site "Las Vegas USA"]
[Date "2002.12.29"]
[Round "6"]
[White "Mitkov,N"]
[Black "Kacheishvili,G"]
[Result "1/2-1/2"]
[WhiteElo "2529"]
[BlackElo "2597"]

1.e4 c5 2.Nc3 Nc6 3.Nf3 d6 4.d4 cxd4 5.Nxd4 Nf6 6.Bc4 e6 7.Be3 a6 8.f4 d5
9.exd5 exd5 10.Be2 Bb4 11.O-O O-O 12.Kh1 Re8 13.Bg1 Bxc3 14.bxc3 Ne4 15.Bd3  1/2-1/2

[Event "Open"]
[Site "Robecchetto ITA"]
[Date "2002.12.29"]
[Round "6"]
[White "Barlocco,C"]
[Black "Sgnaolin,D"]
[Result "0-1"]
[WhiteElo "2160"]
[BlackElo "2118"]

1.e4 c5 2.Nc3 Nc6 3.Bb5 g6 4.d3 Nd4 5.Bc4 Bg7 6.Nf3 d6 7.Nxd4 cxd4 8.Ne2 e6
9.O-O Ne7 10.Bg5 Qc7 11.Qd2 h6 12.Bxe7 Qxe7 13.Qb4 O-O 14.Bb3 a5 15.Qa3 a4
16.c3 Bd7 17.Bc2 Rfc8 18.Rfc1 dxc3 19.bxc3 b5 20.Rab1 Ra6 21.d4 Bf8 22.Bd3 Rb6
23.c4 Rcb8 24.cxb5 d5 25.Qxe7 Bxe7 26.exd5 exd5 27.Nc3 Bg5 28.Rc2 Re8 29.g3 Bh3
30.f4 Bf6 31.Rb4 Re3 32.Nxd5 Rxd3 33.Nxb6 Rxd4 34.Rxa4 Rd6 35.Rc6 Rd3 36.Rxf6 Rf3
37.Ra8+ Kg7 38.Rxf7+ Kxf7 39.Ra7+ Ke6 40.f5+ Rxf5  0-1

[Event "Open A"]
[Site "Bethune FRA"]
[Date "2002.12.30"]
[Round "7"]
[White "Gharamian,T"]
[Black "Chemali,L"]
[Result "1/2-1/2"]
[WhiteElo "2239"]
[BlackElo "2017"]

1.e4 c5 2.Nc3 Nc6 3.Bb5 Nd4 4.Bc4 g6 5.Nf3 e6 6.Nxd4 cxd4 7.Nb5 Qb6 8.c3 dxc3
9.dxc3 a6 10.Nd4 Bg7 11.O-O Ne7 12.Bb3 O-O 13.Bg5 Qc5 14.Nf3 b5 15.Re1 Nc6
16.Qd2 a5 17.Be3 Qe7 18.Bg5 Qc5 19.Be3 Qe7 20.Bf4 Re8 21.e5 f6 22.exf6 Bxf6
23.Ng5 a4 24.Bc2 b4 25.Ne4 Bg7 26.Bg5 Qf8 27.Re3 Ne5 28.Nd6 a3 29.b3 Nf7
30.Nxe8 Qxe8 31.Bf4 Bxc3 32.Rxc3 bxc3 33.Qxc3 Bb7 34.Qb4 Bc6 35.Re1 Qf8 36.Qb6 Qg7
37.Qe3 Qb2 38.Bb1 Bd5 39.h4 Bxb3 40.axb3 a2 41.Bxa2 Rxa2 42.Rd1 Ra1 43.Rxa1 Qxa1+
44.Qc1 Qxc1+ 45.Bxc1 Kf8 46.Kf1  1/2-1/2

[Event "38th Junior"]
[Site "Hallsberg SWE"]
[Date "2002.12.30"]
[Round "3"]
[White "Gajewski,G"]
[Black "Grecescu,G"]
[Result "1-0"]
[WhiteElo "2436"]
[BlackElo "2187"]

1.e4 c5 2.Nc3 Nc6 3.Bb5 Nd4 4.Bc4 g6 5.Nf3 Bg7 6.Nxd4 cxd4 7.Qf3 e6 8.Nb5 d6
9.Qa3 Bf8 10.Nxd4 d5 11.Bb5+ Bd7 12.Qd3 e5 13.Nf3 dxe4 14.Bxd7+ Qxd7 15.Qxe4 Bg7
16.d3 f5 17.Qc4 Ne7 18.O-O Nc6 19.Re1 Rc8 20.Bd2 h6 21.Bc3 Kd8 22.Qa4 Re8
23.Re2 Nd4 24.Qxd7+ Kxd7 25.Bxd4 exd4 26.Rae1 Rxe2 27.Rxe2 Rc6 28.Kf1 Rb6
29.b3 Rc6 30.a4 a6 31.Ke1 b5 32.Kd2 Re6 33.Nh4 Rb6 34.axb5 axb5 35.Re1 Ra6
36.Nf3 h5 37.Ne5+ Kc7 38.f4 Bf8 39.Rc1 Ba3 40.Rb1 Bb4+ 41.Ke2 g5 42.Nf3 Re6+
43.Kf1 Bc3 44.fxg5 Kd6 45.Kf2 Kc5 46.Nh4 Bd2 47.Nxf5 Kb4 48.h4 Kc3 49.Kf3 Re5
50.g4 Kxc2 51.Rg1 Kxd3 52.g6 hxg4+ 53.Kxg4  1-0

[Event "XVIII Winter Open"]
[Site "Nice FRA"]
[Date "2002.12.30"]
[Round "7"]
[White "Hamdouchi,H"]
[Black "Miladinovic,I"]
[Result "1/2-1/2"]
[WhiteElo "2593"]
[BlackElo "2518"]

1.e4 c5 2.Nc3 Nc6 3.Bb5 Nd4 4.Bc4 g6 5.Nf3 Bg7 6.O-O a6 7.Nxd4 cxd4 8.Qf3 Nf6
9.e5 dxc3 10.exf6 Bxf6 11.dxc3 O-O 12.Re1 d6 13.Bh6 Re8 14.Bb3 Rb8 15.Rad1 Bd7
16.Qe3 Qa5 17.Rd5 Qc7 18.Bg5 Bc6 19.Rd3 Bb5 20.Rdd1 Bxg5 21.Qxg5 Rbd8 22.Rd4 e6
23.Qh6 d5 24.Rh4 f6 25.Rd4  1/2-1/2